000 00301nam a22001337a 4500
008 180926b xxu||||| |||| 00| 0 eng d
020 _a0024320706
041 _aeng
080 _26 ED
_a617
100 _a5
101 _aKIR
245 _aAtlas Surgical Operations
_cZollinger.Z
942 _2udc
_cBK
999 _c48529
_d48529